| 000 | 00498nam a2200157Ia 4500 | ||
|---|---|---|---|
| 008 | 210716s2010 xx 000 0 und d | ||
| 020 | _a9788132105220 | ||
| 041 | _aeng | ||
| 082 | _a658.827 SARS | ||
| 100 | _aSarin, Sharad. | ||
| 245 |
_aStrategic brand management for B2B markets: a road map for organizational transformation. _bRoad map for organizational transformation. |
||
| 250 | _a1 | ||
| 260 |
_aNew Delhi _bResponse Books _c2010 |
||
| 300 | _axix,262 | ||
| 650 | _aStrategic Management | ||
| 999 |
_c207897 _d207897 |
||